[Event "Santiago 2.5"]
[Site "Santiago de Chile"]
[Date "2025.03.15"]
[Round "9"]
[White "Fica Cruz, Joaquin"]
[Black "Bastias Barreau, Gonzalo Ivan"]
[Result "0-1"]
[WhiteElo "1971"]
[BlackElo "1666"]
[PlyCount "84"]
[EventDate "2025.03.09"]
[EventType "swiss"]
[EventRounds "9"]
[EventCountry "CHI"]
[SourceTitle "CB12_2025"]
[SourceDate "2025.03.19"]
[SourceVersion "1"]
[SourceVersionDate "2025.03.19"]
[SourceQuality "1"]

1. Nf3 d5 2. c4 e6 3. b3 Nf6 4. Bb2 Be7 5. g3 0-0 6. Bg2 b6 7. 0-0 Bb7 8. d3 c5 9. Nbd2 Nc6 10. cxd5 exd5 11. a3 Re8 12. Ra2 Qc7 13. Qa1 Rad8 14. Rc1 Qb8 15. Ne5 Qa8 16. b4 d4 17. Nxc6 Bxc6 18. Bxc6 Qxc6 19. Bxd4 Qe6 20. bxc5 Rxd4 21. cxb6 axb6 22. Nc4 Rdd8 23. Qb1 Bc5 24. e3 Qh3 25. d4 Bf8 26. f3 Qe6 27. Ne5 Rc8 28. Re1 Nd5 29. Qa1 f6 30. Ng4 h5 31. Nf2 Qd6 32. Ne4 Qc6 33. Rae2 Qa4 34. Qa2 Qc4 35. Qa1 Qb3 36. Rb2 Qxa3 37. Ra2 Qb3 38. Ra7 Rc2 39. Rd7 Nxe3 40. d5 Rg2+ 41. Kh1 Rxh2+ 42. Kg1 Qc2 0-1